| 000 | 00734 a2200241 4500 | ||
|---|---|---|---|
| 003 | CBULib | ||
| 005 | 20251106115905.0 | ||
| 008 | 251106b |||||||| |||| 00| 0 eng d | ||
| 020 | _a9781912906031 | ||
| 040 |
_bEnglish _cCBULib _erda |
||
| 041 | _aeng | ||
| 050 | _aLB 2840.2 Sam | ||
| 100 | _aSammons, Andy | ||
| 245 |
_aThe compassionate teacher : why compassion should be at the heart of our schools _c/ by Andy Sammons |
||
| 260 |
_bJohn Catt, _c2019 _aWoodbridge : |
||
| 300 | _a219 pages : illustrations | ||
| 336 |
_2rdacontent _aText | _btxt |
||
| 337 |
_2rdamedia _aUnmediated | _bn |
||
| 338 |
_2rdacarrier _aVolume _bnc |
||
| 650 | 0 |
_95031 _aCOMPASSION |
|
| 650 | 0 |
_94262 _aEDUCATIONAL PSYCHOLOGY |
|
| 942 |
_2lcc _c002 |
||
| 999 |
_c86358 _d86358 |
||